000 00286nam a2200097Ia 4500
008 180412s9999||||xx |||||||||||||| ||und||
040 _aAhmadu Bello University Library - Zaria
100 _aUNITED NATIONS.
245 0 _aDemographic evaluation and analysis of p
260 _aNew York
_bU.N.
_c1980
300 _aiv, 30p.
999 _c15873
_d15873